000 00302nam a2200121 a 4500
008 100924s1988|||| d
245 1 0 _aPenzión pro svobodné dámy
100 1 _aFrais, Josef
260 _bČeskoslovenský spisovateľ
_aPraha
_c1988
020 _c19
044 _axo
_cSK
041 _aslo
999 _c10679
_d10679